Globálne trendy vo fúziách a akvizíciách bakalárska práca

Salvato in:
Dettagli Bibliografici
Autore principale: Vysloužilová, Marcela
Ente Autore: Obchodná fakulta EU. Katedra medzinárodného obchodu
Altri autori: Thomas, Róbert
Natura: Libro
Lingua:slovacco
Pubblicazione: Bratislava 2011
Tags: Aggiungi Tag
Nessun Tag, puoi essere il primo ad aggiungerne!!

MARC

LEADER 00000nam a2200000 4500
001 0151125
005 20240320072024.7
041 0 |a slo 
044 |a SK 
245 1 0 |a Globálne trendy vo fúziách a akvizíciách  |b bakalárska práca  |c Marcela Vysloužilová ; školiteľ: Róbert Thomas 
264 1 |a Bratislava  |c 2011 
300 |a 52 s. 
100 1 |a Vysloužilová, Marcela 
700 1 |a Thomas, Róbert 
710 2 |a Obchodná fakulta EU. Katedra medzinárodného obchodu